| 000 | 00313nam a2200109 4500 | ||
|---|---|---|---|
| 999 |
_c197265 _d197265 |
||
| 008 | 230818b ||||| |||| 00| 0 eng d | ||
| 022 | _a0976500X | ||
| 245 |
_aJournal of Pharmacology & Pharmacotherapeutics _c |
||
| 260 |
_aNew Delhi _bSage _c2022 |
||
| 300 |
_aVol.13,Issue3 _bill. _c29cm |
||
| 942 |
_2ddc _cSR _mPHA _s1 |
||